Liste des noms de Pokémon finissant par X - Statistiques

Statistiques générales
  • Ce quiz a été pris 51 fois
  • Le résultat moyen est 9 sur 22
Statistiques - réponses
Pokémon % Correct
Onix
57%
Steelix
57%
Cizayox
54%
Tritox
54%
Embrylex
46%
Goupix
46%
Mistigrix
46%
Mélancolux
43%
Miasmax
43%
Pyrax
43%
Gambex
39%
Ronflex
39%
Aéroptéryx
36%
Goinfrex
36%
Kangourex
36%
Skelénox
36%
Kraknoix
32%
Ténéfix
32%
Papinox
29%
Chaffreux
21%
Coatox
21%
Farfurex
21%
Aucun quiz correspondant
Distribution des résultats
% des personnes avec chaque résultat
Percentile par nombre de réponses
Votre historique - résultats
Vous n’avez pas pris ce quiz